000 00288nam a2200097Ia 4500
008 220120s9999||||xx |||||||||||||| ||und||
100 _aDivya, A.K
245 0 _aSpeech security for electrical lineman
260 _aCoorg Institute of Technology
_bPonnampet
_c2006
650 _aCOMPUTER SCIENCE
999 _c137645
_d137645